Statistiques concernant Clubs de Ligue Magnus (Saison 2023/2024)

Cliquez ici pour prendre le quiz!

Statistiques générales

  • Ce quiz a été pris 78 fois
  • Le résultat moyen est 10 sur 12

Statistiques - réponses

Équipes% Correct
Les Dragons de Rouen
95%
Les Brûleurs de Loups de Grenoble
90%
Les Spartiates de Marseille
90%
Les Boxers de Bordeaux
89%
Les Ducs d'Angers
85%
Les Gothiques Amiens
85%
Les Aigles de Nice
84%
L’Anglet hormadi Pays basque
82%
Les Rapaces de Gap
81%
Les Pionniers de Chamonix Mont-Blanc
79%
Les Diables Rouges de Briancon
77%
Les Jokers de Cergy-Pontoise
71%

Distribution des résultats

Percentile par nombre de réponses

% des personnes avec chaque résultat

Votre développement - résultats

Vous n’avez pas pris ce quiz